| 000 | 00402nam a2200157Ia 4500 | ||
|---|---|---|---|
| 008 | 240729s9999 xx 000 0 und d | ||
| 022 | _a1890-6729 | ||
| 245 | 0 | _aRangifer | |
| 260 | _aNorway | ||
| 260 | _bSeptentrio Academic Publishing | ||
| 650 | _a Animal culture | ||
| 650 | _aAgriculture | ||
| 856 | _uhttps://doaj.org/toc/8655f57b1cce48419e6820970c3f0a74 | ||
| 942 | _2ddc | ||
| 942 | _cDOAJEJ | ||
| 999 |
_c73303 _d73303 |
||
| 945 |
_a1 _bMadushi Gamage _c1 _dMadushi Gamage |
||